LEADER 01313nam0 22003131i 450 001 UON00513903 005 20231205105511.608 010 $a978-88-430-9129-4 100 $a20230504d2018 |0itac50 ba 101 $aita$aARA 102 $aIT 105 $a|||| ||||| 200 1 $aDialettologia araba$fOlivier Durand 210 $aRoma$cCarocci$d2018 215 $a426 p.$d22 cm 311 $aARA II D 45 N$9UON00501384 410 0$1001UON00501384$12001 $aAulamagna$1210 $aRoma$cCarocci$v41 ARA II D 45 N 606 $aDialettologia araba$3UONC101489$2FI 606 $aLingua araba$xDialetti$3UONC101490$2FI 686 $aARA II D$cPAESI ARABI - LINGUISTICA - DIALETTOLOGIA$2A 700 1$aDurand$bOlivier$3UONV009682$0220889 712 $aCarocci$3UONV252662$4650 801 $aIT$bSOL$c20250502$gRICA 899 $aSIBA - SISTEMA BIBLIOTECARIO DI ATENEO$2UONSI 912 $aUON00513903 950 $aSIBA - SISTEMA BIBLIOTECARIO DI ATENEO$dSI ARA II D 045 N $eSI 43104 5 045 N 951 $aSIBA - SISTEMA BIBLIOTECARIO DI ATENEO$bSI2023499 1J 20230504DDT n. 114 del 22/5/2023. 996 $aDialettologia araba$9931302 997 $aUNIOR